LEADER 01167nam a2200265 i 4500 001 000000155757 003 CaOOAMICUS 005 20061120000000.0 008 061120s1972 it u000 u ita u 013 $a133111 040 $aSeMil$bita 245 12$aL'opera completa di Seurat /$cpresentazione di André Chastel ; apparati critici e filologici di Fiorella Minervino. 260 $aMilano :$bRizzoli,$c1972. 300 $a119 p. :$briccamente ill. ;$c32 cm. 490 0 $aClassici dell'arte ;$v55 500 $aContiene : Bibliografia essenziale. - In appendice : Disegni di Seurat. 650 4$aArte.$0(OLS)http://semarc/subject/1231 650 4$aPittura.$0(OLS)http://semarc/subject/471 700 1 $aMinervino, Fiorella.$0(OLS)http://semarc/name/60496 700 1 $aChastel, André,$d<1912-1990>.$0(OLS)http://semarc/name/18398 830 0$aClassici dell'arte ;$v55.$0(OLS)http://semarc/title/529 850 $aSeMil 852 $aSeMil$W1$xVenegono$y1$m5L XI 55$j107585$B107585$CSeMilBibl$Z2$F117122 $81 996 $6245$aL'opera completa di Seurat$9(OLS)http://semarc/title/228172 996 $6260$aMilano :$bRizzoli$9(OLS)http://semarc/publisher/29824 LEADER 01826nam a2200289 i 4500 001 000000255898 003 CaOOAMICUS 005 20230201135245.0 008 171025s1644 it u000 u lat u 013 $a234806 026 $a9.o- i-um amo- Gepo (3) 1644 (R) 040 $aSeMil$bita 100 1 $aCalco, Tristano,$d.$0(OLS)http://semarc/name/58489 245 10$aTristani Chalci Mediolanensis historiographi, Residua. E bibliotheca patricij nobilissimi, Lucii Hadriani Cottae, nunc primo prodeunt in lucem, studio et opera Ioannis Petri Puricelli, ... qui suos etiam illis indices & epitomas adiecit. 260 $aMediolani :$bApud Ioannem-Baptistam & Iulium-Caesarem, fratres Malatestas, Regio-Camerales & Civitatis Typographos,$c1644. 300 $a[44], 120, [4] p. :$bill. ;$cfol. 500 $aSegn.: [*]10 A-P4 500 $aFregi, iniz. xilogr. 500 $aSul front. vignetta calcogr. di Bassano raffigurante stemma di Milano 700 1 $aPuricelli, Giovanni Pietro,$d<1589-1659>.$0(OLS)http://semarc/name/81652 700 1 $aMalatesta, Giovanni Battista,$c.$0(OLS)http://semarc/name/38294 700 1 $aMalatesta, Giulio Cesare,$c.$0(OLS)http://semarc/name/81653 850 $aSeMil 852 $aSeMil$W1$xVenegono$y1$m3O VI 24 FA$j206244$B206244$CSeMilBibl$Z2$F219627 $8I 996 $6245$aTristani Chalci Mediolanensis historiographi, Residua. E bibliotheca patricij nobilissimi, Lucii Hadriani Cottae, nunc primo prodeunt in lucem, studio et opera Ioannis Petri Puricelli, ... qui suos etiam illis indices & epitomas adiecit$9(OLS)http://semarc/title/411953 996 $6260$aMediolani :$bApud Ioannem-Baptistam & Iulium-Caesarem, fratres Malatestas, Regio-Camerales & Civitatis Typographos$9(OLS)http://semarc/publisher/57612